The Hunger Games Mockingjay/ (Record no. 216322)
[ view plain ]
| 000 -LEADER | |
|---|---|
| fixed length control field | 00511nam a22001937a 4500 |
| 005 - DATE AND TIME OF LATEST TRANSACTION | |
| control field | 20260520171230.0 |
| 010 ## - LCCN (DPL NO) | |
| LC control number | ENG-148556 |
| 020 ## - INTERNATIONAL STANDARD BOOK NUMBER | |
| International Standard Book Number | 9789354710001 |
| Terms of availability | 499.00 |
| 035 ## - SYSTEM CONTROL NUMBER | |
| System control number | EN-132088 |
| 037 ## - SOURCE OF ACQUISITION | |
| Source of stock number/acquisition | DBAD |
| 082 ## - DEWEY DECIMAL CLASSIFICATION NUMBER | |
| Classification number | 882 |
| 100 ## - MAIN ENTRY--PERSONAL NAME | |
| Personal name | Collins, Suzanne |
| 245 ## - TITLE STATEMENT | |
| Title | The Hunger Games Mockingjay/ |
| Statement of responsibility, etc | Suzanne Collins |
| 250 ## - EDITION STATEMENT | |
| Edition statement | 1 |
| 260 ## - PUBLICATION, DISTRIBUTION, ETC. (IMPRINT) | |
| Name of publisher, distributor, etc | Scholastic |
| Place of publication, distribution, etc | New York |
| Date of publication, distribution, etc | 2022 |
| 270 ## - ADDRESS | |
| Address | 557 Broadway |
| City | New York |
| Postal code | NY 10012 |
| 300 ## - PHYSICAL DESCRIPTION | |
| Extent | 457p.: |
| Dimensions | 21cm(pb) |
| 942 ## - ADDED ENTRY ELEMENTS (KOHA) | |
| Source of classification or shelving scheme | Dewey Decimal Classification |
| Item type | Children Books |
| Call number suffix | COL |
| Classification part | 882 |
| Withdrawn status | Lost status | Not for loan | Collection code | Home library | Current library | Date acquired | Source of acquisition | Cost, normal purchase price | Full call number | Barcode | Copy number | Cost, replacement price | Koha item type |
|---|---|---|---|---|---|---|---|---|---|---|---|---|---|
| Non-fiction | Tri Nagar | Tri Nagar | 20/05/2026 | Delivery of Books Act Division | 499.00 | COL 882 | EN-132088 | 1 | 499.00 | English Books |
